P.E.T.: Padres eficaz y técnicamente preparados

Furkejuvvon:
Bibliográfalaš dieđut
Váldodahkki: Gordon, Thomas (Dahkki)
Materiálatiipa: Girji
Giella:espánnjágiella
Almmustuhtton: Ciudad de México Diana 1977
Preanttus:1a. ed
Fáttát:
Fáddágilkorat: Lasit fáddágilkoriid
Eai fáddágilkorat, Lasit vuosttaš fáddágilkora!

MARC

LEADER 00000nam a2200000 a 4500
001 UCH8246
003 CL-VaPUC
008 091127e19770000MX |||||||||||||||||spa|d
020 |a 9681303458 
082 0 4 |a 158.24  |b GOR  |2 21 
100 |a Gordon, Thomas  |e author  |9 544715 
245 1 0 |a P.E.T.: Padres eficaz y técnicamente preparados 
250 |a 1a. ed 
300 |a 307 p 
942 |c BK 
945 |d 20091127 00:00:00  |a lazolas 
260 |a Ciudad de México  |b Diana  |c 1977 
650 7 |a RELACIONES PADRES-HIJOS  |2 CL-VaPUC  |9 308185 
650 7 |a CARACTER  |2 CL-VaPUC  |9 308186 
650 0 |a Personalidad   |9 307255 
650 7 |a PSICOLOGIA PEDAGOGICA  |2 CL-VaPUC  |9 308187 
583 |a last modification  |c 20091127 00:00:00  |k Rodrigo Vera 
999 |c 338478  |d 338476